000 00445nam a22001457a 4500
020 _qPB.
040 _cFIZZA ISHAQ
082 _a878.0409
_bERA
100 _a Erasmus , Desiderius.
_9134025
245 _aPraise of Folly and Other Writings: A Norton Critical Edition /
_cDesiderius Erasmus.
250 _aCritical ED.
260 _aNew York:
_bW. W. Norton & Company,
_c1989.
300 _a340 P. ;
_c 13.34 x 1.91 x 21.59 cm
942 _2ddc
_cBK
999 _c616949
_d616949